000 00454nam a22001337a 4500
040 _cASAB
245 _aPlant, Soil and Microbes
_bVolume 1: Implications in Crop Science/
_cedited by Khalid Rehman Hakeem
260 _aSwitzerland
_bSpringer
_c2016
300 _aXIV, 366p
700 _aHakeem, Khalid Rehman
_eeditor
_9132588
700 _aSayeed, Akhtar Mohd
_eeditor
_9132589
700 _aAbdullah, Siti Nor Akmar
_eeditor
_9132590
942 _2ddc
_cBK
999 _c615705
_d615705